Pablo Capanna - La Tecniarquía - Estadísticas

Estadísticas generales
  • Esta prueba ha sido intentada 3 veces
  • La puntuación promedio es 4 de 7
Estadísticas de respuestas
Pregunta Respuesta % Correcto
La jerarquización en una organiación permite: Organizar el trabajo de forma tal que sea posible establecer un orden jerárquico basado en la técnica
100%
Al hablar sobre la técnica y su cualidad "humana", Capanna indica que: Es humana, en la medida que es creada por humanos, pero sus efectos pueden ser poco humanos
67%
Según Marx, el dominio de la técnica nos permite: Pasar de gobernar a las personas a administrar las cosas
67%
La Tecnocracia es: Un sistema en el que se domina por medio del control de la técnica
67%
Según Capanna, el problema de idolatrar a la técnica es: Amarrar al humano al control que permite mantener viejos privilegios
33%
La noción de un homo faber implica: Todas las anteriores
33%
La técnica es lo que nos diferencia de los demás animales, ¿cómo podemos verificar eso? Usamos herramientas para modificar el entorno
33%
No se encontraron pruebas coincidentes
Distribución de puntuación
Porcentaje de gente con cada puntuación
Porcentaje por número respondido
Historial de tus puntuaciones
No has intentado esta prueba.